| 000 | 00362nam a22001097a 4500 | ||
|---|---|---|---|
| 008 | 230609b xxu||||| |||| 00| 0 eng d | ||
| 082 |
_a354.0089120 _bMYS |
||
| 245 |
_aMinistry of Youth and Sports 2008/2009 _bEstimates of Recurrent Expenditure & Development For the Year Ending 30th June 2009 |
||
| 260 |
_aNairobi,Kenya _bGOK _c2009 |
||
| 300 | _a93p | ||
| 942 |
_2ddc _cBK |
||
| 999 |
_c896 _d896 |
||